Statistics for Which City...

Click here to take the quiz!

General Stats

  • This quiz has been taken 31 times
  • The average score is 6 of 10

Answer Stats

QuestionAnswer% Correct
Is not in ChinaHanoi
94%
Is in AfricaAccra
90%
Has less than 1,000,000 residents (City Proper)Venice
77%
Has the most skyscrapersHong Kong
65%
Is home to the largest indoor stadium in the worldPyongyang
65%
Is the most expensive to live inSingapore
61%
Has hosted the winter olympicsSalt Lake City
58%
Has a name that means "Eastern Capital"Tokyo
39%
Has the highest GDPNew York
26%
Has the worst air qualityKabul
3%

Score Distribution

Percentile by Number Answered

Percent of People with Each Score

Your Score History

You have not taken this quiz